Γιώργος Ζαμπέτας
Saved in:
| Main Author: | |
|---|---|
| Format: | Book |
| Language: | Greek |
| Published: |
Αθήνα :
[Τεγόπουλος Μανιατέας],
1997
|
| Subjects: | |
| Tags: |
Add Tag
No Tags, Be the first to tag this record!
|
MARC
| LEADER | 00000cam a2200000 i 4500 | ||
|---|---|---|---|
| 001 | 1/21691 | ||
| 008 | 060113s1997 gre d | ||
| 035 | |l 10081946 | ||
| 040 | |a GR-MY-UA |b gre |e aacr | ||
| 041 | 0 | |a gre | |
| 082 | 0 | |a 780.92 |2 (22) | |
| 100 | 1 | |a Κλειάσιου, Ιωάννα. | |
| 240 | 1 | 0 | |a Μεγάλοι λαϊκοί |
| 245 | 1 | 0 | |a Γιώργος Ζαμπέτας / |c [κείμενα: Ιωάννα Κλειάσιου] |
| 260 | |a Αθήνα : |b [Τεγόπουλος Μανιατέας], |c 1997 | ||
| 300 | |a 190 σ.; |b εγχρ. εικ.; |c 25 εκ. | ||
| 600 | 1 | 0 | |a Ζαμπέτας, Γιώργος, |d 1925-1992. |
| 650 | 0 | 0 | |a Singers |z Greece |x Biography. |
| 650 | 0 | 0 | |a Bouzouki music. |
| 650 | 0 | 0 | |a Songs, Greek (Modern) |
| 852 | |a INST |b RHODES |c KRI |e 20060113 |h 780.92 ΚΛΕ |p 005400030451 |q 005400030451 |t REF |y 23 | ||
| 901 | |a BIBL4-2006-1 | ||
| 909 | |a Ρ |b 123003 | ||
| 970 | |a ΚΟΖΑ |b ΜΑΡΙΑ |z 2006/01/13 | ||